000 00547nam a2200181Ia 4500
001 20911
005 20260306172840.0
008 260306t2021||||xx |||||||||||||| ||spa||
041 _aESP
082 _a343.8
_bS23
100 _aSánchez Arias, José Luis
_eAUT
245 0 _aLibros y registros electrónicos. Consideraciones prácticas / Comprobantes de pago electrónicos. Tratamiento práctico y documentos vinculados
260 _c2021
300 _a64 páginas :
_c24 cm.
650 _aGEN
654 _aCCO
942 _cLIB
_dJUS
_fJUS
_2ddc
_n
999 _c20911
_d20911